LEADER 01097nam a2200241 i 4500 001 000000209837 003 CaOOAMICUS 005 20250630104646.0 008 120104s1960 it u000 u ita u 040 $aSeMil$bita 100 1 $aMarinelli, Olga.$0(OLS)http://semarc/name/75210 245 13$aLa Compagnia di san Tommaso d'Aquino di Perugia /$cOlga Marinelli. 264 1$aRoma :$bEdizioni di Storia e Letteratura,$c1960. 300 $a155 p., [4] p. di tav. ;$c26 cm. 490 1 $aTemi e testi ;$v8 650 4$aPerugia - Storia religiosa.$0(OLS)http://semarc/subject/57074 650 4$aConfraternite - Perugia - Compagnia di San Tommaso d'Aquino.$0(OLS)http://semarc/subject/39465 830 0$aTemi e testi ;$v8.$0(OLS)http://semarc/title/10924 850 $aSeMil 852 $aSeMil$W1$xVenegono$y1$m3E IV 104$j258870$B160288$CSeMilBibl$Z2$F171305 $81 996 $6245$aLa Compagnia di san Tommaso d'Aquino di Perugia$9(OLS)http://semarc/title/303355 996 $6264$aRoma :$bEdizioni di Storia e Letteratura$9(OLS)http://semarc/publisher/29779 LEADER 00751naa a2200169 i 4500 001 000000307085 003 CaOOAMICUS 005 20180831172909.0 008 180831n it u000 u ita u 013 $a15693 040 $aSeMil$bita 100 1 $aPaleari, Marco <1968- >.$0(OLS)http://semarc/name/92144 245 14$aIl "dramma" della riconciliazione. 650 4$aPenitenza .$0(OLS)http://semarc/subject/3014 650 4$aRiconciliazione - Sacramento.$0(OLS)http://semarc/subject/34125 773 0 $aPaleari, Marco <1968- >$tAttori di riconciliazione.$dMilano : Àncora, 2009.$kDossier teologici del Seminario di Milano$z978-88-514-0705-6$gp.129-142$w()181982 996 $6245$aIl "dramma" della riconciliazione$9(OLS)http://semarc/title/382482